000 00473nam a2200169Ia 4500
003 GCL
008 140319s9999 xx 000 0 ara d
040 _aGCL /
_cGCL
082 0 4 _aط
_b372.218
_bر ق
100 1 _aرمزى سلامه
245 1 0 _aقاموس الفنون (صور وكلمات) /
_cرمزى سلامه
300 _a95 ص
490 _aمجموعة التربية الفنيه
_v0
650 0 4 _aالاطفال
650 0 4 _aتعليم
942 _2ddc
_cBK
999 _c45772
_d45772